00957nam a22002417a 45000010005000000030006000050050017000110080041000280200018000690400029000870500009001160820008001251000017001332450025001502600049001753000047002244900043002715050007003145200297003215210027006185210018006456500052006637270FISKH20250707092307.0250707b cb ||||| |||| 00| 0 eng d a9781405400510 aFISKHbengcFISKHdFISKH aPZ7  a428 aGraves, Sue  aSam duckling swims / aBath BA1 1HE : bParragon Publishing,c2003. a29 pages : bcolor illustrations ; c24 cm aGold Stars : vA level 2 reading book  aF  aSam Duckling is nervous about swimming, while his siblings enjoy the water. With gentle encouragement from family, Sam builds confidence, bravely enters the water, and by the end, he happily swims alongside the others. It’s a sweet story about overcoming fears through support and practice.8 a300 bLexile estimate 8 aF bRaz-Plus  aDuckvChildren's Fiction xPicture Book yPond